| 000 | 01415nam a2200241 4500 | ||
|---|---|---|---|
| 001 | 18378 | ||
| 003 | DO-SdUEMH | ||
| 005 | 20260205155549.0 | ||
| 007 | ta | ||
| 008 | 260205b2006 dr a|||gr|||| 00| 0 spa d | ||
| 020 | _a9993467324 | ||
| 040 |
_aDO-SdUEMH _bspa _erda |
||
| 041 | _aspa | ||
| 082 | 1 | 4 |
_mRD _bR426i |
| 245 | 1 | 0 | _aInforme general sobre estadísticas de educación superior, 1989-2005 / |
| 264 | 0 | 1 |
_aSanto Domingo : _bSecretaría de Estado de Educación Superior, Ciencia y Tecnología, _c2006 |
| 300 |
_a204 páginas : _bilustraciones ; _c28 cm. |
||
| 336 |
_2rdacontent _atexto _btxt |
||
| 337 |
_2rdamedia _asin mediación _bn |
||
| 338 |
_2rdacarrier _avolumen _bnc |
||
| 505 | 2 | _aPresentación – Ligia Amada Melo de Cardona -- Hacia un sistema de información estadística en educación superior, ciencia y tecnología -- Introducción -- Antecedentes -- Departamento de estadística y sistema de información -- Tendencias de la matrícula de educación superior dominicana 1989–2005 -- Introducción -- Trayectoria histórica de la matrícula -- Conclusión -- Reflexiones finales -- Estadísticas de educación superior 2004 y 2005 -- Resumen ejecutivo -- Instituciones de educación superior -- Programas académicos y carreras -- Programas de investigación -- Extensión -- Personal académico -- Personal de apoyo -- Matrícula -- Egresos -- Deserción -- Anexos. | |
| 942 |
_2ddc _n0 _cBK |
||
| 999 |
_c18378 _d18378 |
||